000 00199 a2200097 4500
001 3962
100 _aRice,H.S
245 _aTechnical mathematics
260 _a
_bMcgrawhill
_c
090 _c3191
_d3191
942 _aNUST-CAE
_cM
_c24347
999 _c239035
_d239035